02669cam a2200253 i 4500001001900000003000600019005001700025008004100042010001700083020003100100020002700131035001800158040003000176041001200206042000800218100002900226245009700255250001900352264003200371300003000403500005100433520191300484650001802397991027493224307026UkOxU20260305144743.0260214s2026 nyu 001 0 eng  a 2025043808 a9780593594285q(hardcover) z9780593594292q(ebook) ain00024463583 aDLCbengerdacDLCdUkOxU aEnglish apcc aKidia, Khameer,eauthor.10aEmpire of madness b: reimagining Western mental health care for everyone c/ Khameer Kidia. aFirst edition. 1aNew York :bCrown,c[2026]. axxiii, 255 pages ;c24 cm aIncludes bibliographical references and index. a"In Empire of Madness, Dr. Khameer Kidia offers a re-evaluation of mental health in the Global North, where the answer to the structural causes of mental distress, like racism and economic inequality, has been to medicate the symptoms rather than revolutionize those causal structures. A clinician and researcher whose own mother suffers from the psychological harm of colonialism, Kidia reports from the front lines of mental health crises at home, in clinical practice and during fieldwork, highlighting the flaws in how we cope with global mental distress. Western psychiatry, which emerged during nineteenth-century colonialism and expanded under neoliberalism, mollifies the effects-depression, anxiety, hunger, poverty-of oppressive structures rather than fixes them. "Burnout" is just one example of mental distress caused by economic and social conditions but disguised as a medical problem. Clear-eyed and open-hearted, Kidia asks the necessary questions that our current mental health system, pharmaceutically-driven and focused on one-size-fits-all solutions, doesn't address. How do history, culture, and politics shape mental distress? Is hoarding a medical problem? Why are the outcomes of schizophrenia sometimes better in places without antipsychotics? Can a Zimbabwean grandmother sitting on a wooden "friendship bench" talk through someone's problems better than a Western-trained therapist? For those living in poverty, can cash replace pills? Empire of Madness sharply intertwines discussions of the colonial origins of psychiatry, the long-lasting and psychological effects of oppression, and the overburdened health professionals striving to heal their patients in rigid, archaic systems to reimagine global mental health as a capacious, inclusive field where our wellbeing is mutual and everyone's voice-patients, caregivers, and health workers alike-matters"--cProvided by publisher. 0aMental health